LEADER 00529naa a2200133 i 4500 001 000000329055 003 CaOOAMICUS 005 20180831173612.0 008 180831n it u000 u ita u 013 $a40697 040 $aSeMil$bita 245 10$aAddio don Germano. Quale teologia dal concilio ? 773 0 $tEredità del Concilio attraverso un suo testimone.$dCornuda (TV) : Antilia, 2014.$kTesoro nel campo$z978-88-97336-24-2$gp.119-126$w()243749 996 $6245$aAddio don Germano. Quale teologia dal concilio ?$9(OLS)http://semarc/title/417572 LEADER 00998nam a2200241 i 4500 001 000000010480 003 CaOOAMICUS 005 20250717101600.0 008 180830s2000 it u000 u ita u 040 $aSeMil$bita 100 0 $aTommaso : d'Aquino,$c.$0(OLS)http://semarc/name/423 240 10$aSumma contra gentiles.$0(OLS)http://semarc/title/29254 245 13$aLa Somma contro i gentili /$cS. Tommaso d'Aquino ; a cura di p. Tito Sante Centi. 260 $aBologna :$bESD,$c2000-2001. 300 $a3 v. ;$c25 cm. 500 $aTesto latino a fronte. 700 1 $aCenti, Tito Sante,$c.$0(OLS)http://semarc/name/481 774 0 $tLibro Primo e Secondo.$z88-7094-407-7$g1$w()120216 774 0 $tLibro quarto.$z88-7094-424-7$g3$w()120217 774 0 $tLibro Terzo.$z88-7094-408-5$g2$w()120218 996 $6245$aLa Somma contro i gentili$9(OLS)http://semarc/title/13848 996 $6260$aBologna :$bESD$9(OLS)http://semarc/publisher/30112 LEADER 01167nam a2200253 i 4500 001 000000205580 003 CaOOAMICUS 005 20240410085516.0 008 110825s1809 it u000 u ita u 013 $a184317 026 $aiodi c.*, 6.V. (2To (3) 1809 (A) 040 $aSeMil$bita 245 10$aVol. 3. 300 $a328, [2] p., [1] carta di tav. :$britr. 500 $aRitratto di L. Martelli dis. e inc. da P. Caronni 500 $aContiene: La Tullia di Lodovico Martelli, Il Negromante e La Lena di Lodovico Ariosto 700 1 $aMartelli, Lodovico <1503-1531>.$0(OLS)http://semarc/name/73995 700 1 $aAriosto, Ludovico,$d<1474-1533>.$0(OLS)http://semarc/name/1232 700 1 $aCaronni, Paolo .$0(OLS)http://semarc/name/1246 773 0 $tTeatro italiano antico. Volume 1. [-10.].$dMilano : Tip. de' Classici Italiani, contrada di S. Margherita, n.° 1118, 1808-1812.$kEdizione delle opere classiche italiane$g3$w()12930 850 $aSeMil 852 $aSeMil$W1$xVenegono$y1$m1P I 3 FA$j156074$B156074$CSeMilBibl$Z2$F167428 $8I 996 $6245$aVol. 3$9(OLS)http://semarc/title/80712